| 000 | 00509nam a22001937a 4500 | ||
|---|---|---|---|
| 003 | OSt | ||
| 005 | 20140310184500.0 | ||
| 008 | 131012t xxu||||| |||| 00| 0 eng d | ||
| 020 | _a9780618465279 | ||
| 050 |
_aNA 2555 _b.M24 2000 |
||
| 100 |
_aMacaulay, David _928554 |
||
| 245 |
_aBuilding big / _cDavid Macaulay |
||
| 260 |
_aBoston : _bHoughton Mifflin, _c2000. |
||
| 300 |
_a192 p. : _bcol. ill., maps ; _c29 cm. |
||
| 521 | _aG12 | ||
| 526 | _c1260 | ||
| 942 |
_2lcc _cBK-SCHOLAS |
||
| 999 |
_c34713 _d34713 |
||